[Event "Montebelluna op-B 5th"]
[Site "Montebelluna"]
[Date "2007.03.11"]
[Round "5"]
[White "Biagioli, Marco Fabrizio"]
[Black "Lippi, Agostino"]
[Result "1-0"]
[WhiteElo "1467"]
[BlackElo "1601"]
[PlyCount "51"]
[EventDate "2007.03.09"]
[EventType "swiss"]
[EventRounds "5"]
[EventCountry "ITA"]
[SourceTitle "EXT 2008"]
[Source "ChessBase"]
[SourceDate "2007.11.25"]
[SourceVersion "1"]
[SourceVersionDate "2007.11.25"]
[SourceQuality "1"]

1. d4 Nf6 2. c4 g6 3. Nc3 Bg7 4. e4 d6 5. f4 0-0 6. Nf3 Bg4 7. Be2 Qc8 8. e5 dxe5 9. fxe5 Nfd7 10. 0-0 c5 11. Nd5 Nc6 12. Qa4 e6 13. Qxc6 exd5 14. Qxd5 Be6 15. Qe4 cxd4 16. Qxd4 h6 17. Bf4 Rd8 18. Qc3 Nb6 19. Rac1 Na4 20. Qe3 Nxb2 21. Bxh6 Nxc4 22. Bxc4 Bxc4 23. Nd2 Bxh6 24. Qxh6 Qc5+ 25. Kh1 b5 26. Ne4 1-0

[Event "Montebelluna op-B 5th"]
[Site "Montebelluna"]
[Date "2007.03.09"]
[Round "1"]
[White "Biagioli, Marco Fabrizio"]
[Black "Tonus, Alex"]
[Result "0-1"]
[WhiteElo "1467"]
[BlackElo "1696"]
[PlyCount "62"]
[EventDate "2007.03.09"]
[EventType "swiss"]
[EventRounds "5"]
[EventCountry "ITA"]
[SourceTitle "EXT 2008"]
[Source "ChessBase"]
[SourceDate "2007.11.25"]
[SourceVersion "1"]
[SourceVersionDate "2007.11.25"]
[SourceQuality "1"]

1. d4 Nf6 2. Bf4 g6 3. e3 Bg7 4. h3 d6 5. Nf3 Nbd7 6. Be2 0-0 7. 0-0 c5 8. c3 b6 9. Nbd2 Bb7 10. Qc2 a6 11. a4 Qc7 12. Rfc1 Rac8 13. a5 b5 14. Bh2 Rfe8 15. e4 cxd4 16. Nxd4 Nc5 17. Bf3 Nfd7 18. N4b3 Na4 19. Nf1 Ne5 20. Bxe5 Bxe5 21. Qd2 Qd7 22. Bg4 e6 23. f4 Bg7 24. e5 Red8 25. Rd1 Qc7 26. exd6 Qc4 27. d7 Rc7 28. Be2 Qxb3 29. Qd6 Rcxd7 30. Qxd7 Rxd7 31. Rxd7 Qxb2 0-1

[Event "Veneto-ch Quarti di Finale 64th"]
[Site "Arqua Petrarca"]
[Date "2004.05.15"]
[Round "4.30"]
[White "Biagioli, Marco Fabrizio"]
[Black "Bozzao, Francesco"]
[Result "0-1"]
[WhiteElo "1440"]
[BlackElo "1646"]
[PlyCount "88"]
[EventDate "2004.05.08"]
[EventType "swiss"]
[EventRounds "6"]
[EventCountry "ITA"]
[SourceTitle "EXT 2023"]
[Source "ChessBase"]
[SourceDate "2022.10.05"]
[SourceVersion "1"]
[SourceVersionDate "2022.10.05"]
[SourceQuality "1"]

1. d4 Nf6 2. Nf3 g6 3. Bf4 Bg7 4. e3 c5 5. c3 cxd4 6. exd4 0-0 7. Bd3 d6 8. h3 a6 9. 0-0 b5 10. Qd2 Re8 11. Re1 Bb7 12. Be2 Nbd7 13. Nh2 e5 14. dxe5 dxe5 15. Bg5 Ne4 16. Bxd8 Nxd2 17. Nxd2 Raxd8 18. Rad1 Nc5 19. b4 Nd3 20. Bxd3 Rxd3 21. Nb1 Red8 22. Rxd3 Rxd3 23. Rc1 Bh6 24. Re1 e4 25. Nf1 f5 26. g4 Rxh3 27. gxf5 gxf5 28. Kg2 Rd3 29. Ng3 e3+ 30. Kf1 f4 31. Nf5 Bg5 32. fxe3 fxe3 33. Ke2 Rd5 34. Nxe3 Bxe3 35. Kxe3 Re5+ 36. Kf2 Rxe1 37. Kxe1 Bd5 38. a3 Kg7 39. Kf2 Kf6 40. Ke3 Ke5 41. Nd2 h5 42. Nf3+ Bxf3 43. Kxf3 Kd5 44. Kf4 Kc4 0-1

[Event "Veneto-ch Quarti di Finale 64th"]
[Site "Arqua Petrarca"]
[Date "2004.05.09"]
[Round "3.30"]
[White "Pechy, Alaster"]
[Black "Biagioli, Marco Fabrizio"]
[Result "1-0"]
[WhiteElo "2138"]
[BlackElo "1440"]
[PlyCount "49"]
[EventDate "2004.05.08"]
[EventType "swiss"]
[EventRounds "6"]
[EventCountry "ITA"]
[SourceTitle "EXT 2023"]
[Source "ChessBase"]
[SourceDate "2022.10.05"]
[SourceVersion "1"]
[SourceVersionDate "2022.10.05"]
[SourceQuality "1"]

1. e4 e6 2. d4 d5 3. Nc3 Bb4 4. e5 c5 5. a3 cxd4 6. axb4 dxc3 7. bxc3 Qc7 8. Qd4 Nc6 9. Bb5 Nge7 10. Nf3 0-0 11. Bxc6 Nxc6 12. Qe3 Bd7 13. 0-0 a6 14. Re1 Ne7 15. Nd4 Ng6 16. Qg3 Rac8 17. Bd2 Qb6 18. h4 h5 19. Qf3 Nxh4 20. Qxh5 Ng6 21. Re3 Rfe8 22. Rh3 Kf8 23. Bg5 Rxc3 24. Qh8+ Nxh8 25. Rxh8# 1-0